000 00716nam a22001937a 4500
999 _c165644
_d165644
005 20230714123637.0
010 _aUR-10245
020 _a9789387829473
_c400.00
035 _aU-8800
037 _bDBAD/PUB
082 _a070
100 _aمر تبہ:محمد شکيل ا ختر
245 _aغا لب بصد ا ند ا ز /
_cمر تبہ:محمد شکيل ا ختر
246 _bGhalib Basad Andaz (Radio Writings on Ghalib)(Urdu) /
_aby Mohd.Shakeel Akhter
260 _aDelhi
_bEducational Publishing House
_c2018 ء
270 _a3191،Vakil Street,Kucha Pandit,Lal Kuan,
_bDelhi
_e110006
_k23216162
_l00911123211540
300 _a456ص
_c22cm(pbk)
942 _2ddc
_cUR
_h070
_mم ح م